Food aid in figures

Guardat en:
Dades bibliogràfiques
Autor principal: FAO
Format: Llibre
Idioma:Undetermined
Publicat: Roma 1991
Matèries:
Etiquetes: Afegir etiqueta
Sense etiquetes, Sigues el primer a etiquetar aquest registre!
Thư viện lưu trữ: Trung tâm Học liệu Trường Đại học Cần Thơ
LEADER 00445nam a2200169Ia 4500
001 CTU_3626
008 210402s9999 xx 000 0 und d
082 |a 640 
082 |b F686/Vol.9 
100 |a FAO 
245 0 |a Food aid in figures 
245 0 |c FAO 
260 |a Roma 
260 |c 1991 
650 |a Agriculture and state,Economics,Grain 
904 |i Nguyễn Quang Điền 
980 |a Trung tâm Học liệu Trường Đại học Cần Thơ